Prehospital emergency medicine /

Sábháilte in:
Sonraí bibleagrafaíochta
Príomhchruthaitheoir: Schou, John
Formáid: LEABHAR
Teanga:English
Foilsithe / Cruthaithe: Amsterdam : Harwood Academic Publishers, 1997.
Eagrán:2nd ed.
Ábhair:
LEADER 00867nam a2200253 a 4500
001 c000385600
003 CARM
005 00000000000000.0
008 980915s1997 ne a 00000 eng d
019 1 |a 13652012  |5 LACONCORD2021 
020 |a 9057020033 
035 |a (OCoLC)41299088  |5 LACONCORD2021 
040 |a WU  |c WU 
082 0 4 |a 616.025  |2 21 
100 1 |a Schou, John. 
245 1 0 |a Prehospital emergency medicine /  |c John Schou. 
250 |a 2nd ed. 
260 |a Amsterdam :  |b Harwood Academic Publishers,  |c 1997. 
300 |a xiii, 432 p. :  |b ill. 
650 0 |a Emergency medical services. 
650 0 |a Emergency medicine. 
852 8 |b CARM  |h A3:AI09E0  |i C12524  |p 0476790  |f BK 
999 f f |i b795e86e-1835-5853-a76b-4b1516110a79  |s 8c483560-d792-539c-ac0a-0414a12a6392 
952 f f |p Can circulate  |a CAVAL  |b CAVAL  |c CAVAL  |d CARM 1 Store  |e C12524  |f A3:AI09E0  |h Other scheme  |i book  |m 0476790